Datum a čas kvízu
34
Celkem bodů
Celkový počet nahraných bodů na tomto kvízu bez doplňovacích otázek.
4.
Pořadí na kvízu
Konečné umístění týmu na tomto kvízu.
Zaznamenané odpovědi
| # | Otázka | Odpověď | Body | Výsledky |
|---|---|---|---|---|
| 1. | Česká pošta vydala u příležito... | Jiří Suchý | 0 | |
| 2. | Vláda jisté země dala ve čtvrt... | Francisco Franco | 1 | |
| 3. | Naše nejvýznamnější šansoniérk... | 88. narozeniny | 0 | |
| 4. | Před měsícem vzbudila rozruch... | 0 | ||
| 5. | Minulý týden bylo oznámeno, že... | Fernando Alonso | 0 | |
| 6. | Druhý díl naší cesty kolem svě... | Myanmar (Barma) | 0 | |
| 7. | Pokračujeme dále do jihovýchod... | Thajsko | 1 | |
| 8. | Další dvě otázky budou patřit... | Medvídek Pú | 1 | |
| 9. | Jakou barvou je přibližně vyz... | žlutou barvou | 1 | |
| 10. | Dnešní putování zakončíme v Mo... | z kobylího mléka | 1 |